000 00225nam a22000857a 4500
008 160915b xxu||||| |||| 00| 0 eng d
100 _9502
_aSingh.A.etal
245 _aMathematics-CCE-X
260 _aNew Delhi
_bESP. Publications
_c2012
999 _c3159
_d3159